000 01520cam a22003374a 4500
001 15310797
003 OSt
005 20150408114205.0
008 080530s2009 enkab b 001 0 eng
010 _a 2008023699
020 _a9780195342895 (hbk. : alk. paper)
020 _a9780199858217
035 _a(OCoLC)ocn223876576
035 _a(OCoLC)223876576
040 _aDLC
_cDLC
_dBTCTA
_dBAKER
_dYDXCP
_dC#P
_dBWX
_dCDX
_dIXA
_dDLC
050 0 0 _aK564.C6
_bP67 2009
082 0 0 _a343.0999
_222
_bPDS
100 1 _aPost, David G.
_942497
245 1 0 _aIn search of Jefferson's moose :
_bnotes on the state of cyberspace /
_cDavid G. Post.
260 _aOxford ;
_aNew York :
_bOxford University Press,
_c2009.
300 _axv, 244 p. :
_bill., map ;
_c25 cm.
440 0 _aLaw and current events masters
_942498
504 _aIncludes bibliographical references (p. [221]-241) and index.
650 0 _aInternet
_xLaw and legislation.
_96957
650 0 _aComputer networks
_xLaw and legislation.
_918321
650 0 _aInformation superhighway
_xLaw and legislation.
_942499
856 4 1 _3Table of contents only
_uhttp://www.loc.gov/catdir/toc/ecip0824/2008023699.html
906 _a7
_bcbc
_corignew
_d1
_eecip
_f20
_gy-gencatlg
942 _2ddc
_cDVD
999 _c33367
_d267867